Les 10 villes les plus peuplées de la Charente (16) - Statistiques

Statistiques générales
  • Ce quiz a été pris 48 fois
  • Le résultat moyen est 4 sur 10
Statistiques - réponses
Population Communes % Correct
41 400 Angoulême
98%
18 500 Cognac
86%
10 100 Soyaux
57%
7 800 La Couronne
39%
5 200 Champniers
34%
5 900 Gond-Pontouvre
27%
7 400 Ruelle-sur-Touvre
27%
4 700 Barbezieux-Saint-Hilaire
25%
5 700 L'Isle-d'Espagnac
20%
7 600 Saint-Yrieix-sur-Charente
20%
Aucun quiz correspondant
Distribution des résultats
% des personnes avec chaque résultat
Percentile par nombre de réponses
Votre historique - résultats
Vous n’avez pas pris ce quiz